000 00565nam a2200181Ii 4500
003 JO-AjNU
008 230605s9999||||xx |||||||||||||| ||und||
040 _aJO-AjNU
_bara
_erda
_cJO-AjNU
041 _aara
050 1 4 _aPJ7852.A54 T42 1980
100 3 _aمحفوظ، نجيب,
_eauthor
_914022
245 0 0 _aثرثرة فوق النيل
264 3 1 _aالقاهرة: مكتبة مصر 1980
336 _atext
_btxt
_2rdacontent
337 _aunmediated
_bn
_2rdamedia
338 _avolume
_bnc
_2rdacarrier
650 4 _aالأدب العربي - روايات
_914023
999 _aA3640
_c7208
_d7208